संकल्प और परिणति / (Record no. 113997)

MARC details
000 -LEADER
fixed length control field 01102nam a22002537a 4500
005 - DATE AND TIME OF LATEST TRANSACTION
control field 20170124103001.0
010 ## - LIBRARY OF CONGRESS CONTROL NUMBER
LC control number A-677233
020 ## - INTERNATIONAL STANDARD BOOK NUMBER
Terms of availability 150.00
035 ## - SYSTEM CONTROL NUMBER
System control number A-677233
037 ## - SOURCE OF ACQUISITION
Source of stock number/acquisition Cen Lib/Ret
040 ## - CATALOGING SOURCE
Original cataloging agency DPL
Language of cataloging HN
082 ## - DEWEY DECIMAL CLASSIFICATION NUMBER
Classification number
Item number विजय
100 ## - MAIN ENTRY--PERSONAL NAME
Personal name विजयवर्गीय, श्यामनारायण
9 (RLIN) 42919
245 ## - TITLE STATEMENT
Title संकल्प और परिणति /
Statement of responsibility, etc श्यामनारायण विजयवर्गीय
246 ## - VARYING FORM OF TITLE
Title proper/short title Sankalp aur parinti /
Remainder of title by Shyamnarayan Vijayvargiye
260 ## - PUBLICATION, DISTRIBUTION, ETC. (IMPRINT)
Place of publication, distribution, etc दिल्ली
Name of publisher, distributor, etc सुमन प्रकाशन
Date of publication, distribution, etc 1993
270 ## - ADDRESS
Address ए-42, अशोक नगर, मंडोली रोड, शाहदरा
City दिल्ली
Postal code 110093
300 ## - PHYSICAL DESCRIPTION
Extent 613पृ.
Dimensions 20सेमी (सजिल्द)
650 ## - SUBJECT ADDED ENTRY--TOPICAL TERM
Topical term or geographic name as entry element हिन्दी साहित्य
9 (RLIN) 54785
650 ## - SUBJECT ADDED ENTRY--TOPICAL TERM
Topical term or geographic name as entry element हिन्दी साहित्य -- उपन्यास
9 (RLIN) 46379
650 ## - SUBJECT ADDED ENTRY--TOPICAL TERM
Topical term or geographic name as entry element Hindi literature
9 (RLIN) 54786
650 ## - SUBJECT ADDED ENTRY--TOPICAL TERM
Topical term or geographic name as entry element Hindi literature -- Fiction
9 (RLIN) 54787
942 ## - ADDED ENTRY ELEMENTS (KOHA)
Source of classification or shelving scheme Dewey Decimal Classification
Koha item type Hindi Books
Classification part
Call number suffix विजय
Holdings
Withdrawn status Lost status Damaged status Not for loan Home library Current library Date acquired Source of acquisition Cost, normal purchase price Total Checkouts Full call number Barcode Date last seen Copy number Cost, replacement price Price effective from Koha item type
        Central Library Central Library 14/08/2015 Cen Lib/Ret 150.00   उ विजय A-677233 14/08/2015 1 150.00 14/08/2015 Hindi Books

© Delhi Public Library
Hit Counter
free hit counter